000 00805nam a2200277 i 4500
001 C2-0088096
003 PPAK
005 20180727091429.0
008 970506s1995 enka|||| ||||| | eng d
020 _a1899988203
040 _aPPAK
_beng
_cPPAK
_erda
082 0 4 _a746.44
_223
090 0 0 _a746.44
_bELD
_dR
100 1 _aElder, Karen,
_eauthor
245 1 0 _aEmbroidery:
_bprojects, techniques, motifs
264 1 _aLondon :
_bQuadrille Publishing ,
_c1995
300 _a112 pages :
_bcolour illustrations ;
_c26 cm
336 _2rdacontent
_atext
337 _2rdamedia
_aunmediated
338 _2rdacarrier
_avolume
490 1 _aThe Countryliving Needlework Collection
650 1 0 _aEmbroidery.
700 _eauthor
830 0 _aThe Countryliving Needlework Collection
942 _ddc
_cB
999 _c18200
_d18200